000 00606nam a2200217Ia 4500
005 20250923145011.0
008 008 250917s9999 xx 000 0 eng d
037 _aTextual
040 _aDSWL
_beng
_cDSWL
041 _aeng
_2eng
084 _aY:(X8), J9
_qDSWL
100 _aVincent, M.J.
_9830717
245 0 _aNew Foundations for industrial sociology
_cby M.J. Vincent
260 _aToronto
_bVan Nostrand Co Inc.
_c1959
300 _a98 p.
365 _aINR
_b9
700 _aM.J. Mayers
_9830718
925 _g9
942 _cTEXL
_hY:(X8), J9
999 _c1445886
_d1445886